01649nam a2200325Ia 4500003000400000005001700004008004100021020002900062040001700091082002000108100002600128245011800154250002400272260003000296300002200326440003200348500001900380650002400399650002600423650002900449700002300478942000900501952013400510952013400644952013400778952013400912952013401046952013001180999001301310IIN20250530130847.0231217s9999 xx 000 0 und d cRs.905.00a9788131247440 aIINbEnglish a610.73 bSWE1 aSwearingen, Pamela L.1 aNursing Care Planning Resource:bMedical-Surgical Nursing (Vol.1)/cPamela L. Swearingen; edited by Malarvizhi S. bSouth Asian Edition aNew DelhibElsevierc2017 axxiii, 612pbill. aMedical-Surgical Nursingv1 aIncludes Index1 aFoundationvNursing1 aNursing Care Planning1 aMedical Surgical Nursing aMalarvizhi S. (ed) cBOOK 00102ddc40708Purches BookaIINbIINcGENd2023-12-17g905.00l0o610.73 SWEp571r2023-12-17 21:32:21t1w2023-12-17yBOOK 00102ddc40708Purches BookaIINbIINcGENd2023-12-17g905.00l0o610.73 SWEp572r2023-12-17 21:32:21t2w2023-12-17yBOOK 00102ddc40708Purches BookaIINbIINcGENd2023-12-17g905.00l0o610.73 SWEp573r2023-12-17 21:32:21t3w2023-12-17yBOOK 00102ddc40708Purches BookaIINbIINcGENd2023-12-17g905.00l0o610.73 SWEp574r2023-12-17 21:32:21t4w2023-12-17yBOOK 00102ddc40708Purches BookaIINbIINcGENd2023-12-17g905.00l0o610.73 SWEp575r2023-12-17 21:32:21t5w2023-12-17yBOOK 00102ddc40708PURCHaIINbIINcGENd2025-04-21g1130.00l0o610.73 SWEp2099r2025-05-30 13:12:13t6w2025-05-30yBOOK c576d576